000 00959 a2200241 4500
005 2009041502312.0
008 090415t xxu||||| |||| 00| 0 eng d
010 _aB-284292
020 _c225.00
_a8125016708
020 _c225.00
_a9788125016700
035 _aB-284292
037 _bAakar Books
040 _adpl
_bEnglish
082 _aS
100 _aBhagat, Manjul
245 _aAnaro and other stories /
_cby Manjul Bhagat
260 _aNew Delhi
_bOrient Longman
_c2001
270 _a1/24 Asaf Ali Road
_bNew Delhi
_e110002
300 _a123p.
_c21cm. (pbk)
942 _adpl
_cEN
_2ddc
_hS
_mBHA
999 _c25761
_d25761